| 000 | 00408 a2200133 4500 | ||
|---|---|---|---|
| 001 | 92265 | ||
| 082 | _aPR 2512 | ||
| 090 |
_c44210 _d44209 |
||
| 100 | _aHamza Asad; Prof Navaid Akhtar and Manzar Abbas (Advisor) | ||
| 245 |
_aImplementing Services using Multicast Manet using Data Distribution Services _n77 "B" EC |
||
| 260 |
_aIslamabad _bNUST _c2014 |
||
| 300 | _axvi,143p. | ||
| 500 | _aBE Project Reports | ||
| 942 |
_aCAE NUST _kPR 2512 |
||
| 999 |
_c327338 _d327338 |
||